LIBRARY & INFORMATION CENTRE, KCAET, TAVANUR

ONLINE PUBLIC ACCESS CATALOGUE (OPAC)

Engineering Fluid Mechanics and Fluid | Text Book of Hydraulic Machines (Record no. 19010)

MARC details
000 -LEADER
fixed length control field 00359nam a22001337a 4500
003 - CONTROL NUMBER IDENTIFIER
control field OSt
008 - FIXED-LENGTH DATA ELEMENTS--GENERAL INFORMATION
fixed length control field 250110b |||||||| |||| 00| 0 eng d
041 ## - LANGUAGE CODE
Language code of text/sound track or separate title eng
100 ## - MAIN ENTRY--AUTHOR NAME
Personal name Ramamutham, S
245 ## - TITLE STATEMENT
Title Engineering Fluid Mechanics and Fluid
Remainder of title Text Book of Hydraulic Machines
250 ## - EDITION STATEMENT
Edition statement 2nd
260 ## - PUBLICATION, DISTRIBUTION, ETC. (IMPRINT)
Place of publication New Delhi:
Name of publisher S Chand & Co Ltd,
Year of publication 1985.
942 ## - ADDED ENTRY ELEMENTS (KOHA)
Koha item type Books
Holdings
Withdrawn status Lost status Damaged status Home library Current library Date acquired Source of acquisition Cost, normal purchase price Accession Number Koha item type
Withdrawn     KAUAET KAUAET 10/01/2025 Standard Book House, Thrissur. 20.00 14860 Books
free website counter